|
|
|
|
| LEADER |
00909nam a2200265 a 4500 |
| 001 |
5688 |
| 003 |
BD-DhAAL |
| 005 |
20150418121041.0 |
| 008 |
150418s1984 maua b 001 0 eng |
| 010 |
|
|
|a 84007906
|
| 020 |
|
|
|a 086720043X
|
| 040 |
|
|
|a DLC
|c DLC
|d DLC
|d BD-DhAAL
|
| 050 |
0 |
0 |
|a QH352
|b .H43 1984
|
| 082 |
0 |
0 |
|a 574.5/248
|2 19
|
| 100 |
1 |
|
|a Hedrick, Philip W.,
|d 1942-
|9 10524
|
| 245 |
1 |
0 |
|a Population biology :
|b the evolution and ecology of populations /
|c Philip W. Hedrick.
|
| 260 |
|
|
|a Boston :
|b Jones and Bartlett Publishers,
|c 1984.
|
| 300 |
|
|
|a xi, 445 p. :
|b ill. ;
|c 25 cm.
|
| 500 |
|
|
|a Includes indexes.
|
| 504 |
|
|
|a Bibliography: p. 421-432.
|
| 541 |
|
|
|e 5688
|
| 650 |
|
0 |
|a Population biology.
|9 10525
|
| 942 |
|
|
|2 ddc
|c BK
|
| 999 |
|
|
|c 34266
|d 34266
|
| 952 |
|
|
|0 0
|1 0
|2 ddc
|4 0
|6 574_524800000000000_HED
|7 0
|9 53493
|a SCL
|b SCL
|c GEN
|d 2015-04-18
|l 0
|o 574.5248 HED
|p 3020005688
|r 2015-04-18
|t 1
|w 2015-04-18
|y BK
|